Dirigir: liderar, motivar, comunicar, delegar, dirigir reuniones (Registro nro. 11367)
[ vista simple ]
| 000 -Cabecera | |
|---|---|
| Campo de control de longitud fija | 01224nam a22004097a 4500 |
| 005 - Fecha y hora de la última transacción | |
| Campo de control | 20250718163736.0 |
| 008 - Elementos de longitud fija--Información general | |
| Campo de control de longitud fija | 181126b2016 xxu||||| |||| 00| 0 spa d |
| 020 ## - International Standard Book Number | |
| Número Internacional Estándar del Libro (ISBN) | 9786076226681 |
| 041 ## - Idioma | |
| Código de idioma | Español |
| 082 ## - Clasificación Decimal Dewey | |
| Número de clasificación | 658.409.2 AC185d6 |
| 100 ## - Entrada principal--Autor personal | |
| Nombre personal | Acosta, José María |
| 9 (RLIN) | 8410 |
| 245 ## - Título propiamente dicho | |
| Título | Dirigir: liderar, motivar, comunicar, delegar, dirigir reuniones |
| 250 ## - Edición | |
| Mención de edición | 6 edición |
| 260 ## - Pie de imprenta | |
| Lugar de publicación, distribución, etc. | México |
| 260 ## - Pie de imprenta | |
| Nombre del editor, distribuidor, etc. | Alfaomega |
| 260 ## - Pie de imprenta | |
| Fecha de publicación, distribución, etc. | 2016 |
| 300 ## - Descripción física | |
| Extensión | 268 páginas |
| 490 ## - Serie | |
| Título de la Serie | Dirección y Administración de Empresas |
| 650 ## - Materia general | |
| Temática (materia general) | LIDERAZGO EJECUTIVO |
| 650 ## - Materia general | |
| Temática (materia general) | DIRECCIÓN DE EQUIPOS |
| 650 ## - Materia general | |
| Temática (materia general) | LIDERAR |
| 650 ## - Materia general | |
| Temática (materia general) | INTELIGENCIA EMOCIONAL |
| 650 ## - Materia general | |
| Temática (materia general) | EMOCIONES Y EL LÍDER |
| 650 ## - Materia general | |
| Temática (materia general) | ESTILOS DE LIDERAZGO |
| 650 ## - Materia general | |
| Temática (materia general) | FACTORES DEL LIDERAZGO TRANSFORMACIONAL |
| 650 ## - Materia general | |
| Temática (materia general) | MOTIVACIÓN EN LA ORGANIZACIÓN |
| 650 ## - Materia general | |
| Temática (materia general) | TEORÍA DE MCCLELLAND |
| 650 ## - Materia general | |
| Temática (materia general) | COMUNICACIÓN |
| 650 ## - Materia general | |
| Temática (materia general) | FEEDBACK COMO CIERRE DEL PROCESO |
| 650 ## - Materia general | |
| Temática (materia general) | CANALES DE COMUNICACIÓN |
| 650 ## - Materia general | |
| Temática (materia general) | LENGUAJE CORPORAL |
| 650 ## - Materia general | |
| Temática (materia general) | COMUNICACIÓN ESCRITA |
| 650 ## - Materia general | |
| Temática (materia general) | DELEGACIÓN DE FUNCIONES |
| 650 ## - Materia general | |
| Temática (materia general) | SÍNTOMAS DE LA MALA DELEGACIÓN |
| 650 ## - Materia general | |
| Temática (materia general) | DIRIGIR REUNIONES |
| 942 ## - Punto de acceso adicional KOHA | |
| Tipo de ítem KOHA | Libro |
| Fuente del sistema de clasificación o colocación | Dewey Decimal Classification |
| Signatura completa | Código de barras | Programa Académico | Tipo de ítem |
|---|---|---|---|
| 658.409.2 AC185d6 | 23741 | Dirección y Administración de Empresas | Libro |
| 658.409.2 AC185d6 | 24392 | Dirección y Administración de Empresas | Libro |
| 658.409.2 AC185d6 | 24393 | Dirección y Administración de Empresas | Libro |
| 658.409.2 AC185d6 | 24394 | Dirección y Administración de Empresas | Libro |